| 000 | 01310cam a22003131i 4500 | ||
|---|---|---|---|
| 003 | SA-RiAUC | ||
| 005 | 20250924043433.0 | ||
| 008 | 250801s2009____le g 000 0dara c | ||
| 040 |
_aSA-JeALM _bara _cSA-RiAUC _erda |
||
| 043 |
_aa-su--- _af-ua--- |
||
| 082 | 0 | 4 |
_a810.9962 _qSA-RiAUC |
| 090 |
_a810.9962 _bب ا ف |
||
| 100 | 1 |
_aبافقيه، حسين محمد _eمؤلف. |
|
| 245 | 1 | 0 |
_aطه حسين والمثقفون السعوديون / _cحسين بافقيه. |
| 250 | _aالطبعة الأولى. | ||
| 264 | 1 |
_aبيروت : _bدار كنوز للنشر والتوزيع، _c2009. |
|
| 300 |
_a376 صفحة ؛ _c22 سم |
||
| 336 |
_aنص _btxt _2rdacontent _3كتاب |
||
| 337 |
_aبدون وسيط _bn _2rdamedia |
||
| 338 |
_aمجلد _bnc _2rdacarrier |
||
| 500 | _aإهداء من المؤلف حسين بافقيه بتاريخ 1430/4/12 هـ | ||
| 600 | 0 | 7 |
_aطه حسين، _d1889-1973 _xنقد وتفسير _2aucnm |
| 650 | 7 |
_aالأدب العربي _zمصر _xتاريخ ونقد _yقرن 20 _2aucsh |
|
| 651 | 7 |
_aمصر _xعلاقات ثقافية _zالسعودية _2aucsh |
|
| 651 | 7 |
_aالسعودية _xعلاقات ثقافية _zمصر _2aucsh |
|
| 651 | 7 |
_aالسعودية _xحياة فكرية _2aucsh |
|
| 942 |
_2ddc _cBOOK _n0 |
||
| 949 |
_aSA-JeALM _d250801 _umohamedma123 _n1 |
||
| 999 |
_c12059 _d12059 |
||